Вводно-коррективный фонетический курс немецкого языка: учебное пособие

מידע ביבליוגרפי
מחבר ראשי: Миловидова Р. В. Раиса Васильевна
שפה:רוסית
גרמנית
יצא לאור: Москва, Высшая школа, 1967
מהדורה:2-е изд.
נושאים:
פורמט: ספר
KOHA link:https://koha.lib.tpu.ru/cgi-bin/koha/opac-detail.pl?biblionumber=324620

MARC

LEADER 00000nam0a2200000 4500
001 324620
005 20231102003703.0
035 |a (RuTPU)RU\TPU\book\350218 
035 |a RU\TPU\book\21878 
090 |a 324620 
100 |a 20161118d1967 m y0rusy50 ca 
101 0 |a rus  |a ger 
102 |a RU 
105 |a a j 000zy 
200 1 |a Вводно-коррективный фонетический курс немецкого языка  |e учебное пособие  |f Р. В. Миловидова 
205 |a 2-е изд. 
210 |a Москва  |c Высшая школа  |d 1967 
215 |a 90 с.  |c ил. 
606 1 |a Немецкий язык  |x Для вузов  |x Пособия по фонетике  |2 stltpush  |3 (RuTPU)RU\TPU\subj\45395  |9 64637 
610 1 |a фонетика 
610 1 |a учебные пособия 
686 |a Ш143.24-923.1  |v LBC/SL-A  |2 rubbk 
700 1 |a Миловидова  |b Р. В.  |g Раиса Васильевна 
801 0 |a RU  |b 63413507  |c 20011209  |g PSBO 
801 2 |a RU  |b 63413507  |c 20220531  |g PSBO 
942 |c BK